00625nam a2200229Ia 4500008004100000020001800041050001600059050001400075100002000089245002700109245001800136245002000154260001700174260002500191260000900216300001600225300002000241300001100261500004100272650004500313650003700358160418s9999 xx 000 0 und d a971-08-6896-9 aFIL GV 361  b.T85 2009 aTulio, Doris D. aPhysical education 2 : bfor college / cDoris D. Tulio. aMandaluyong: bNational Book Store, c2009 a316 pages : billustrations ; c25 cm. aIncludes bibliographical references. aPhysical education for college students. xPhysical education and training.